Statistics for Name a Valid Country A-Z

Click here to take the quiz!

General Stats

  • This quiz has been taken 543 times
  • The average score is 23 of 24

Answer Stats

LetterHintCountry% Correct
AIn EuropeAlbania | Andorra | Austria
99%
KIs a -stan countryKazakhstan | Kyrgyzstan
99%
UStarts with UnitedUnited Arab Emirates | United Kingdom | United States
99%
FIn the northern hemisphereFinland | France | Federated States of Micronesia
99%
GIn AfricaGabon | Gambia | Ghana | Guinea | Guinea-Bissau
99%
QBorders Saudi ArabiaQatar
99%
BIn the AmericasBahamas | Barbados | Belize | Bolivia | Brazil
99%
CWith a point higher than 3000 metersCameroon | Canada | Chad | Chile | China | Colombia | Costa Rica
98%
ENot in AfricaEast Timor | Ecuador | El Salvador | Estonia
98%
OThe only countryOman
98%
ZOn the Zambezi RiverZambia | Zimbabwe
97%
LNot in EuropeLaos | Lebanon | Lesotho | Liberia | Libya
97%
JIs an island countryJamaica | Japan
97%
IIs five or less letters longIndia | Iran | Iraq | Italy
97%
NStarts with NeNepal | Netherlands | New Zealand
96%
YBorders two countriesYemen
96%
PIs an island countryPalau | Papua New Guinea | Philippines
95%
SStarts with some sort of the word "saint"St. Kits and Nevis | St. Lucia | St. Vincent and the Grenadines | San Marino| Sao Tome & Principe
95%
HNot landlockedHaiti | Honduras
94%
DIn the Caribbean SeaDominican Republic | Dominica
94%
VWith a capital that has less than 50,000 residentsVanuatu | Vatican City
94%
RThat has coastal landRepublic of the Congo | Romania | Russia
92%
TWith crescents on their flagsTunisia | Turkey | Turkmenistan
91%
MMonarchy countriesMalaysia | Monaco | Morocco
90%

Score Distribution

Percentile by Number Answered

Percent of People with Each Score

Your Score History

You have not taken this quiz